00570 a2200181 450000100060000002000150000604000240002110000300004524000200007524500150009530000060011036200090011665000310012594200070015695201040016395201040026799900170037146870 a8572721339 cAnchieta - Aquarius aPozenato, José Clemente10aPisca-tudolpor10aPisca-tudo a 0 a2000 4aLiteratura infanto-juvenil cBK 00104070a87.1b87.1d2023-11-21l0o028.5 POZ PISp5040/AQUr2023-11-21 15:13:34w2023-11-21yBK 00104070a87.1b87.1d2023-11-21l0o028.5 POZ PISp5872/AQUr2023-11-21 15:13:34w2023-11-21yBK c46870d46870